00454 2200181 4500001002100000005001500021035002000036245006700056100002000123300001200143260003700155082000800192084001400200020002200214990001200236990001200248990001200260INLIS00000000000170020250430094859 a0010-04250001161 aBuku Panduan EBI ( Ejaan Bahasa Indonesia ) /cUlfah Haldha T.0 aUlfah Haldha T. a122 hlm aSolo :bUD. Lingkar Media,c2018 a410 a410 ULF b a978-602-52369-5-2 a0754640 a0754641 a0754642